| 000 | 00938nam a22002657a 4500 | ||
|---|---|---|---|
| 001 | 4679 | ||
| 003 | FISKH | ||
| 005 | 20240920093014.0 | ||
| 008 | 240920b cb ||||| |||| 00| 0 eng d | ||
| 020 | _a9781584764199 | ||
| 040 |
_aFISKH _beng _cFISKH _dFISKH |
||
| 050 | _aPZ7 | ||
| 082 | _a741.5 | ||
| 100 | _aRichards, Kitty | ||
| 245 |
_aMeet the sparkplugs : _bThey came all the way to Earth just to with in! / |
||
| 260 |
_aNorwalk : _bInnovative Kids, _c2006 |
||
| 300 |
_a34 unnumbered pages : _bcolor illustrations ; _c23 cm |
||
| 505 | _aH | ||
| 520 | _aThree stories about the Sparkplugs, a robot family that moved to Earth in an attempt to fit in, that are designed to be read phonetically by beginning readers. Presented in comic-book format. | ||
| 521 | 8 |
_a430
_bLexile GN |
|
| 521 | 8 |
_aH
_bRaz-Plus |
|
| 650 |
_aGraphic Novel _vChildren's Phonics Comics |
||
| 942 |
_2ddc _cBK _n0 |
||
| 999 |
_c4679 _d4679 |
||